Loading...
| Thought - Philosophy | 3 | 5 | 1 | 0 | 90 | 63 | 83.25 | 5 | 8 |
| History - World History | 4 | 1 | 1 | 1 | 65 | 34 | 61.40 | 3 | 5 |
| Beliefs - Religion | 3 | 3 | 3 | 0 | 60 | 19 | 64.17 | 5 | 6 |
| History - Other History | 1 | 4 | 0 | 0 | 55 | 58 | 87.00 | 0 | 5 |
| Science - Biology | 0 | 5 | 0 | 1 | 50 | 104 | 113.40 | 1 | 5 |
| Literature - World Lit | 1 | 3 | 0 | 0 | 45 | 42 | 88.00 | 1 | 4 |
| History - American History | 2 | 2 | 1 | 0 | 45 | 46 | 66.50 | 2 | 4 |
| History - Euro History | 2 | 1 | 1 | 0 | 35 | 57 | 81.67 | 1 | 3 |
| Thought - Social Science | 1 | 3 | 2 | 0 | 35 | 70 | 83.25 | 3 | 4 |
| Other - Geo/CE | 1 | 2 | 0 | 1 | 35 | 48 | 94.67 | 0 | 3 |
| Literature - Euro Lit | 1 | 2 | 0 | 0 | 35 | 45 | 70.00 | 3 | 3 |
| Beliefs - Mythology | 1 | 2 | 1 | 0 | 30 | 24 | 75.33 | 1 | 3 |
| Arts - Other Arts | 0 | 3 | 0 | 0 | 30 | 87 | 106.00 | 0 | 3 |
| Literature - British Lit | 0 | 2 | 0 | 1 | 20 | 104 | 123.00 | 1 | 2 |
| Arts - Music | 0 | 2 | 0 | 1 | 20 | 120 | 126.00 | 0 | 2 |
| Literature - American Lit | 0 | 1 | 0 | 0 | 10 | 135 | 135.00 | 0 | 1 |
| Arts - Painting | 0 | 1 | 0 | 0 | 10 | 82 | 82.00 | 1 | 1 |
| Science - Other Science | 0 | 0 | 1 | 0 | -5 | 0.00 | 0 | 0 | |
| Other - Pop Culture | 0 | 0 | 2 | 0 | -10 | 0.00 | 0 | 0 | |
| Other - Other Academic | 0 | 0 | 2 | 0 | -10 | 0.00 | 0 | 0 |